| 000 | 01089cam a2200289 a 4500 | ||
|---|---|---|---|
| 999 |
_c7195 _d7195 |
||
| 001 | 3543260 | ||
| 003 | OSt | ||
| 005 | 20210909113847.0 | ||
| 008 | 970522s1998 enkab b 001 0 eng | ||
| 010 | _a 97022866 | ||
| 020 | _a0415160197 (cloth : alk. paper) | ||
| 020 | _a0415160200 (pbk. : alk. paper) | ||
| 040 |
_aDLC _cDDC _dDLC |
||
| 050 | 0 | 0 |
_aQC861.2 _b.B36 1998 |
| 082 | 0 | 0 | _a551.5BAR1998 |
| 100 | 1 |
_aBarry,Roger G.; Chorley,Richard J. _q(Roger Graham), _d1935- _914795 |
|
| 245 | 1 | 0 |
_aAtmosphere, weather, and climate _cEdited by Barry,Roger G. and Chorley,Richard J. |
| 250 | _a7th ed. | ||
| 260 |
_aLondon ; _aNew York : _bRoutledge, _c1998. |
||
| 300 |
_axxi,409p; _bill,maps(some col.) ; _c26 cm. |
||
| 504 | _aIncludes; bibliographical references and index. | ||
| 650 | 0 |
_aClimatology _914796 |
|
| 700 | 1 |
_aChorley, Richard J. _914797 |
|
| 906 |
_a7 _bcbc _corignew _d1 _eocip _f19 _gy-gencatlg |
||
| 942 |
_2ddc _cO_SHELF |
||